000 00659nam a2200265Ia 4500
005 20260121165627.0
008 008 260114s9999 xx 000 0 eng d
020 _a9783319312040
037 _aEBOOK
040 _aCRL
040 _beng
040 _cCRL
041 _2eng
041 _aeng
084 _qCRL
100 _aGiovanni Squillero, Paolo Burelli
_91054062
245 0 _aApplications of Evolutionary Computation
260 _bSpringer
260 _bSpringer
260 _c2016
856 _uhttps://link.springer.com/openurl?genre=book&isbn=978-3-319-31204-0
942 _cEBOOK
999 _c1619788
_d1619788